00472nam a2200205Ia 450000500170000000800460001702000180006303700100008104000080009104000080009904000080010704100080011504100080012308400080013124500260013926000310016526000090019665000120020585600490021720260306150614.0008 260114s9999 xx 000 0 eng d a9780691221694 aEbook aCRL beng cCRL 2eng aeng qCRL 0aRenormalization Group bPrinceton University Press c1995 aPhysics uhttps://www.degruyter.com/isbn/9780691221694